[Event "10th KiiT Festival 2017"]
[Site "Bhubaneshwar"]
[Date "2017.05.30"]
[Round "7"]
[White "Arun Prasad Raja V"]
[Black "Aparna, Raja"]
[Result "1-0"]
[WhiteElo "1407"]
[BlackElo "1676"]
[Annotator "NA RC"]
[PlyCount "69"]
[EventDate "2017.05.26"]
[EventType "swiss"]
[EventCountry "IND"]
[SourceTitle "playchess.com"]
[Source "ChessBase"]
[SourceQuality "1"]
[TimeControl "40/5400+30:1800+30"]

1. e4 c5 2. Nf3 d6 3. Bb5+ Nd7 4. O-O Ngf6 5. Re1 a6 6. Bf1 b6 7. c3 Bb7 8. d3 e5 9. Nbd2 Be7 10. d4 O-O 11. a4 Qc7 12. d5 g6 13. Nc4 b5 14. Na3 b4 15. Nc4 a5 16. Bh6 Rfb8 17. Nfd2 Ba6 18. g3 Ne8 19. f4 Bf6 20. f5 Bg7 21. Bg5 Bf6 22. Be3 Nb6 23. Qf3 Nxc4 24. Bxc4 Bxc4 25. Nxc4 Qe7 26. h4 Ng7 27. Bd2 h5 28. Re2 Kh7 29. cxb4 axb4 30. b3 Rg8 31. Rf1 Raf8 32. Qe3 Rh8 33. fxg6+ Kxg6 34. Ref2 Ne8 35. Rxf6+ 1-0

[Event "10th KiiT Festival 2017"]
[Site "Bhubaneshwar"]
[Date "2017.05.31"]
[Round "8"]
[White "Tukhaev, Adam"]
[Black "Karthik Venkataraman"]
[Result "1-0"]
[WhiteElo "2557"]
[BlackElo "2317"]
[Annotator "TA"]
[PlyCount "43"]
[EventDate "2017.05.26"]
[EventType "swiss"]
[EventCountry "IND"]
[SourceTitle "playchess.com"]
[Source "ChessBase"]
[SourceQuality "1"]

{[%evp 14,43,62,35,45,20,69,33,68,60,82,51,68,59,69,39,109,99,126,80,102,132,227,212,408,410,396,308,725,527,1898,1850]} 1. e4 c5 2. Nf3 d6 3. d4 cxd4 4. Nxd4 Nf6 5. Nc3 g6 6. Be3 Bg7 7. f3 a6 8. Bc4 Nbd7 {B75: Sicilian Dragon: Yugoslav Attack, Miscellaneous} 9. Qd2 Qc7 (9... b5 10. Bb3 Bb7 11. Bh6 Bxh6 12. Qxh6 Rc8 13. O-O-O Rxc3 14. bxc3 Qc7 15. Kb2 Ne5 16. Rhe1 {1-0 (56) So,W (2808)-Javakhadze,Z (2468) chess.com INT 2017}) 10. Bb3 Nc5 {White is slightly better.} 11. O-O-O b5 12. Kb1 $146 ({Predecessor:} 12. Bd5 Bb7 13. Bxb7 Qxb7 14. Nb3 Nxb3+ 15. cxb3 Rc8 16. Kb1 O-O 17. h4 Rc6 18. Nd5 Rfc8 19. Nb4 R6c7 20. Rc1 h5 21. Rxc7 Rxc7 {½-½ (21) Kirstein,H-Blum,H Mecklenburg VP 1998}) 12... Nxb3 13. cxb3 O-O 14. Bh6 Bb7 (14... Bxh6 $14 15. Qxh6 Bb7) 15. h4 $16 {[%cal Bh2h4,Bh4h5][%mdl 32]} b4 16. Nce2 {Hoping for h5.} Bxh6 17. Qxh6 {Black must now prevent h5!} Kh8 {[#]} (17... e6 $16) 18. h5 $1 $18 {[%cal Rh5g6][%mdl 512] hxg6 is the strong threat.} Rg8 $2 (18... g5 {was worth a try.} 19. Nf5 (19. Qxg5 Rg8 $16) 19... Rg8) (18... Nxh5 19. Nf4) 19. Nf4 gxh5 20. Nf5 Rac8 $2 {[#]} (20... d5 21. Rc1 (21. exd5 Qe5 $16) 21... Qe5 22. Rxh5 Nxh5 23. Qxh5 Rg7) 21. Nxd6 $1 {[%cal Rd6f7][%mdl 512]} Rcf8 (21... exd6 22. Qxf6+) 22. e5 {Precision: White = 91%, Black = 13%.} 1-0

[Event "10th KiiT Festival 2017"]
[Site "Bhubaneshwar"]
[Date "2017.05.31"]
[Round "8"]
[White "Debashis, Das"]
[Black "Sidhant, Mohapatra"]
[Result "1-0"]
[WhiteElo "2496"]
[BlackElo "2393"]
[Annotator "TA"]
[PlyCount "73"]
[EventDate "2017.05.26"]
[EventType "swiss"]
[EventCountry "IND"]
[SourceTitle "playchess.com"]
[Source "ChessBase"]
[SourceQuality "1"]

{[%evp 23,73,14,43,46,55,47,482,-81,435,-184,41,37,48,36,75,74,71,58,90,79,95,52,49,45,101,97,112,114,106,105,102,102,231,226,251,236,355,355,381,384,365,361,496,507,532,449,1208,1202,1875,1772,2580,1426]} 1. d4 d5 2. c4 c6 3. Nf3 Nf6 4. e3 e6 5. b3 Bd6 6. Bb2 Nbd7 7. Bd3 Ne4 8. O-O O-O 9. Qc2 {D30: Queen's Gambit Declined: Systems without Nc3} f5 10. Ba3 Bxa3 (10... Ndf6 11. Bxd6 Nxd6 12. Nc3 Bd7 13. Ne2 Nfe4 14. Ne5 Nf7 15. f3 Ned6 16. c5 Nxe5 17. dxe5 {1-0 (48) Zubov,A (2604)-Golichenko,I (2413) Lvov 2017}) 11. Nxa3 Qe7 12. Nb1 Qd6 {LiveBook: 5 Games} 13. Rc1 Ndf6 14. Nc3 $146 ({Predecessor:} 14. h3 Bd7 15. Ne5 Be8 16. Nd2 Nxd2 17. Qxd2 Nd7 {½-½ (27) Davidov,D (2177)-Pilkin,E (2153) ICCF email 2014}) 14... Ng5 $2 {[%mdl 8192] [#]} (14... Ng4 $14) 15. Nd1 $2 (15. Nxg5 $18 b6 16. cxd5) 15... Bd7 $2 {[%mdl 8192]} (15... Nxf3+ $17 {stays on course.} 16. gxf3 e5) 16. h3 $4 {[%mdl 8192]} (16. Nxg5 $18 {was the only winning move.} e5 17. dxe5 Qxe5 18. Nf3) 16... Nge4 $2 (16... Nxf3+ $19 17. gxf3 f4) 17. Ne5 $14 Be8 18. f3 Ng3 19. Qf2 $36 {[%mdl 2048] Keeping Black busy.} Nfh5 20. Nc3 f4 21. c5 Qd8 22. e4 Nf6 23. Re1 Bh5 ({Better is} 23... Nd7 $14) 24. exd5 $16 Nxd5 25. Nxd5 exd5 26. Qc2 h6 27. b4 Qg5 (27... Be8 $16 28. Bh7+ Kh8) 28. b5 $18 cxb5 29. Qb3 (29. Bxb5 Nf5 $16) 29... a6 (29... Rab8 $142 30. Rab1 (30. Qxd5+ Kh8 $16) (30. Bxb5 Nf5 $18) 30... a6) 30. a4 {[%cal Ba2a4,Ba4b5][%mdl 32]} ({But not} 30. Qxd5+ Kh8 $18) 30... Bf7 31. Nxf7 Rxf7 32. Re5 ({Much less strong is} 32. axb5 Qd8 $18) 32... Qf6 33. axb5 {White is clearly winning.} a5 34. Rae1 a4 (34... Rd7 $142 35. Rxd5 Qf7) 35. Qxd5 {[#] Re8+ would kill now.} Kh8 36. Re6 Qh4 37. Rxh6+ {Precision: White = 56%, Black = 14%.} 1-0

[Event "10th KiiT Festival 2017"]
[Site "Bhubaneshwar"]
[Date "2017.05.31"]
[Round "8"]
[White "Nguyen, Duc Hoa"]
[Black "Rahman, Ziaur"]
[Result "1-0"]
[WhiteElo "2481"]
[BlackElo "2526"]
[Annotator "TA"]
[PlyCount "87"]
[EventDate "2017.05.26"]
[EventType "swiss"]
[EventCountry "IND"]
[SourceTitle "playchess.com"]
[Source "ChessBase"]
[SourceQuality "1"]

{[%evp 17,87,46,38,29,33,33,40,4,81,80,107,99,104,79,121,117,123,78,66,65,105,138,160,134,189,108,118,84,87,72,150,151,154,100,153,162,162,100,226,182,245,241,256,262,294,321,316,310,336,350,347,321,360,266,299,311,302,37,456,432,1050,1017,1301,1281,1907,1889,1586,1769,2062,1354,29986,29987]} 1. e4 g6 2. d4 Bg7 3. Nf3 d6 4. Nc3 Nf6 5. Be2 O-O 6. O-O c6 7. h3 Nbd7 8. Be3 Qc7 9. a4 b6 {LiveBook: 119 Games} 10. Re1 {B08: Pirc Defence: Classical System} Bb7 11. Qd2 Rad8 12. Bc4 $146 {White is slightly better.} (12. a5 $5) ({Predecessor:} 12. Bh6 e5 13. Bxg7 Kxg7 14. dxe5 Nxe5 15. Nd4 c5 16. Ndb5 Qb8 17. f4 a6 18. Na3 Nc6 {0-1 (31) Rychkov,O (2328)-Shomoev,A (2578) Vladivostok 2015}) 12... c5 {[#]} (12... a6 $11 {keeps the balance.}) 13. d5 $1 $16 Ne5 14. Nxe5 dxe5 15. Qe2 Nh5 16. a5 Nf4 17. Bxf4 exf4 18. e5 Kh8 19. a6 Ba8 20. Rad1 Qc8 (20... e6 $16) 21. Nb5 ({White should play} 21. f3 $18) 21... Qxa6 22. Nd6 b5 23. Nxb5 Qb6 (23... Qb7 $142) 24. d6 $36 {[%mdl 2048] Keeping Black busy.} e6 25. c3 ({White should try} 25. f3) 25... Bc6 (25... f3 $142 26. gxf3 Bc6) 26. Nc7 Rb8 27. b3 (27. Na6 $18) 27... h5 (27... f3 $16 {is a better defense.} 28. gxf3 Bh6) 28. f3 Bh6 (28... Rfc8 $142 29. Qf2 a5) 29. Ra1 $18 a5 30. Qa2 a4 31. bxa4 Qa5 32. Bb5 Bb7 33. Nxe6 fxe6 34. Qxe6 Rg8 35. Qf6+ Kh7 36. e6 Bg7 37. Qg5 $2 ({Better is} 37. Qxf4 $18 Bxc3 38. e7 Bxe1 39. d7) 37... c4 $2 {[%mdl 8192]} (37... Bxc3 $14 38. Bd3 c4 39. Qxa5 Bxa5 40. Bxc4 Bxe1 41. Rxe1 Bc6) 38. Rad1 Rgf8 (38... Bc6 $142 39. d7 (39. Qxf4 Bxc3 40. Re2 Bxb5 $16) 39... Rbd8) 39. e7 Qb6+ 40. Kf1 Rf5 {[#]} 41. Qxf5 $1 {[%mdl 512]} gxf5 42. d7 Bxc3 43. d8=Q Qg6 44. e8=Q {Precision: White = 65%, Black = 20%.} 1-0

[Event "10th KiiT Festival 2017"]
[Site "Bhubaneshwar"]
[Date "2017.05.31"]
[Round "8"]
[White "Shyaamnikhil P"]
[Black "Ravi, Teja S"]
[Result "1/2-1/2"]
[WhiteElo "2457"]
[BlackElo "2369"]
[Annotator "TA"]
[PlyCount "69"]
[EventDate "2017.05.26"]
[EventType "swiss"]
[EventCountry "IND"]
[SourceTitle "playchess.com"]
[Source "ChessBase"]
[SourceQuality "1"]

{[%evp 11,69,35,18,21,27,20,53,62,55,49,47,25,35,22,46,37,81,77,88,74,134,138,170,60,165,186,214,213,202,200,281,135,147,147,150,106,176,175,162,168,497,489,659,189,189,198,191,204,204,203,194,202,185,189,196,0,150,0,188,0]} 1. e4 c6 2. d4 d5 3. Nc3 dxe4 4. Nxe4 Nf6 5. Nxf6+ exf6 6. c3 Bf5 7. Nf3 {B15: Caro-Kann: 3 Nc3: 3...g6 and 3...dxe4 4 Nxe4 Nf6 5 Nxf6+ exf6} (7. Bd3 Bxd3 8. Qxd3 Bd6 9. Qe3+ Qe7 10. Nf3 Nd7 11. Qxe7+ Kxe7 12. Be3 Nb6 13. O-O-O Kd7 14. Rhe1 Nd5 {½-½ (50) Wei,Y (2707)-Rapport,R (2717) Yancheng 2016}) 7... Bd6 8. Nh4 Be4 $146 ({Predecessor:} 8... Bg6 9. Be3 O-O 10. Nxg6 fxg6 11. Qb3+ Kh8 12. Qxb7 Qb6 13. Qxb6 axb6 14. Be2 Nd7 {1-0 (42) Dargan,P (2133)-Yee,J England 2014}) 9. Qg4 {White is slightly better.} O-O 10. Bh6 {[%csl Gh6][%cal Rg4g7]} Bg6 $1 11. Nxg6 $40 {[%mdl 128] White attacks.} f5 12. Qf3 hxg6 13. Be3 Qa5 14. Bc4 Nd7 15. O-O-O Nb6 ({Black should play} 15... Nf6) 16. Bb3 $16 Qb5 17. Kc2 (17. h4 $1 $18) 17... a5 {[#]} ({Better is} 17... Nc4 $14) 18. a4 $1 $18 {[%cal Ra4b5][%mdl 512]} Nxa4 19. c4 $1 {[%cal Rc4b5]} Qa6 20. c5 Be7 (20... f4 $142) 21. Ra1 (21. h4 $1 $18 {and the rest is easy.}) 21... Nxc5 22. dxc5 Qb5 23. Ra4 Bxc5 (23... Rfd8 $16 24. Rd1 Bxc5) 24. Bxc5 Qxc5+ {[#]} 25. Kb1 $1 Rfd8 $2 (25... Qe5 {is a better chance.} 26. Qh3 g5) 26. Rh4 {Threatening mate with Qh3.} Rd4 27. Rxd4 $2 (27. Qe3 f4 {[#]} 28. Bxf7+ $1 {[%mdl 512]} Kxf7 29. Rxf4+ Rxf4 30. Qxc5) 27... Qxd4 28. Rd1 Qb4 29. Rd7 Rf8 30. Qc3 {aiming for Qxb4.} Qe4+ 31. Qc2 Qe1+ 32. Qd1 Qe4+ 33. Qc2 {Black must now prevent Qxe4.} Qe1+ $1 34. Qd1 Qe4+ 35. Qc2 $2 {Precision: White = 62%, Black = 42%.} (35. Qd3 $18) 1/2-1/2

[Event "10th KiiT Festival 2017"]
[Site "Bhubaneshwar"]
[Date "2017.05.31"]
[Round "8"]
[White "Neelotpal, Das"]
[Black "Sai Krishna G V"]
[Result "1-0"]
[WhiteElo "2438"]
[BlackElo "2339"]
[Annotator "TA"]
[PlyCount "72"]
[EventDate "2017.05.26"]
[EventType "swiss"]
[EventCountry "IND"]
[SourceTitle "playchess.com"]
[Source "ChessBase"]
[SourceQuality "1"]

{[%evp 21,72,62,69,69,63,71,64,33,53,56,51,47,37,18,37,29,70,58,83,73,81,79,131,123,228,220,214,210,210,225,307,298,299,307,758,753,696,682,825,823,733,726,806,806,710,754,809,804,797,787,681,328,315]} 1. e4 e5 2. Nf3 Nc6 3. Bc4 Nf6 4. d3 {[%cal Bd2d3,Bd3d4][%mdl 32]} h6 5. O-O d6 6. c3 g6 7. d4 Qe7 8. Re1 Bg7 9. h3 O-O 10. Nbd2 Na5 {C55: Two Knights: 4 d3, 4 d4 exd4 5 e5 and Max Lange Attack} 11. Bf1 c5 {LiveBook: 3 Games} 12. b4 $146 ({Predecessor:} 12. d5 b6 13. b4 Nb7 14. a4 cxb4 15. cxb4 a5 16. bxa5 Nxa5 17. Rb1 Nd7 18. Ba3 {1-0 (31) Demchenko,A (2613)-Zhurikhin,A (2333) Vladivostok 2014}) 12... cxb4 $1 {White is slightly better.} 13. cxb4 Nc6 14. a3 Nxd4 15. Nxd4 exd4 16. Bb2 b6 17. Nb3 Bb7 18. Nxd4 d5 19. e5 Ne4 20. f3 Ng3 21. Bb5 Kh7 ({Black should play} 21... Nh5) 22. Qd2 $16 a6 {[#]} (22... h5 $16 23. e6 Bxd4+ 24. Qxd4 Nf5) 23. Bd3 $1 $18 h5 24. Qf2 h4 25. Ne2 Qg5 26. f4 ({Less strong is} 26. Qxb6 Bc8 $16) 26... Nxe2+ 27. Rxe2 ({Weaker is} 27. Bxe2 Qg3 $16) 27... Qg3 $2 (27... Qh5 28. Qxb6 Bc8) 28. Qd4 f6 29. e6 Rg8 {intending ...f5.} 30. Rc1 {Black must now prevent Rc7.} Rac8 31. Rxc8 Bxc8 32. Qxd5 Bb7 {[#]} 33. Bxg6+ $1 {[%mdl 512]} Qxg6 34. Qxb7 Qb1+ 35. Kf2 Qd3 36. Qf3 (36. e7 $142) 36... Qxf3+ {Precision: White = 75%, Black = 38%.} 1-0

[Event "10th KiiT Festival 2017"]
[Site "Bhubaneshwar"]
[Date "2017.05.31"]
[Round "8"]
[White "Reefat, Bin-Sattar"]
[Black "Roy Chowdhury, Saptarshi"]
[Result "1-0"]
[WhiteElo "2437"]
[BlackElo "2326"]
[Annotator "TA"]
[PlyCount "115"]
[EventDate "2017.05.26"]
[EventType "swiss"]
[EventCountry "IND"]
[SourceTitle "playchess.com"]
[Source "ChessBase"]
[SourceQuality "1"]

{[%evp 9,115,11,8,8,1,0,10,0,21,28,67,62,91,89,81,58,91,87,82,81,111,92,110,84,108,96,102,86,98,27,52,63,70,38,82,74,72,29,66,75,100,95,156,43,128,53,53,53,54,50,35,54,72,75,145,95,88,0,0,0,28,0,0,0,0,0,479,479,804,790,8043,10812,29947,5691,29957,29959,29980,29981,29981,29979,29978,29980,29979,29965,29966,29954,29946,29954,29951,0,682,8,29954,29963,29959,29958,29972,29974,29948,976,555,523,29989,29990,29990,29991,29995,29996]} 1. e4 c5 2. b3 Nc6 3. Bb2 e5 4. Bc4 d6 5. Ne2 Nf6 6. d3 {B20: Sicilian: Unusual White 2nd moves} Be7 7. O-O O-O 8. Nbc3 {The position is equal.} Be6 9. f4 Bxc4 $146 ({Predecessor:} 9... Ng4 10. Qc1 exf4 11. Nxf4 Bg5 12. h3 {½-½ (49) Gelashvili,T (2600)-Amanov,M (2518) Wheeling 2012}) 10. bxc4 Nd4 11. Rb1 Rb8 12. Ng3 Nd7 13. Nd5 exf4 14. Rxf4 Bg5 15. Rf1 g6 16. Ne2 Nf6 17. Nef4 Nd7 18. g3 Bh6 19. c3 (19. Ne2 $16) 19... Nc6 20. Bc1 $36 {[%mdl 2048] aiming for Nxg6! White has the initiative.} Bg7 21. Be3 b6 22. Rb2 Nde5 23. Rg2 a6 24. g4 b5 25. cxb5 axb5 26. g5 ({Only move:} 26. Nh5 $1 $16) 26... Nd7 (26... b4 $14) 27. h4 (27. Nh5 $1 $16) 27... b4 $14 28. cxb4 Nxb4 29. h5 Nxd5 30. Nxd5 c4 31. dxc4 (31. d4 {keeps more tension.} Qe8 32. Qg4 f5 33. gxf6 Nxf6 34. Nxf6+ Rxf6 35. Rxf6 Bxf6 36. Qf5) 31... Rc8 (31... Qe8 $142) 32. Bf4 Rxc4 33. Bxd6 ({White should try} 33. Qe2 $16 Nb6 34. Nf6+ Kh8 35. hxg6 fxg6 36. e5) 33... Rxe4 $11 {next ...Bd4+ is good for Black.} 34. Bxf8 Qxf8 35. hxg6 (35. Nf4 $5 {[%cal Rd1d7]} Qb4 36. Qxd7 Rxf4 37. Rxf4 Qxf4 38. Qd8+ Bf8 39. h6 $14) 35... hxg6 36. Nf6+ Nxf6 37. gxf6 Bh6 $2 {[%mdl 8192] [#]} (37... Qc5+ $11 {and Black has nothing to worry.} 38. Kh1 Rh4+ 39. Rh2 Rxh2+ 40. Kxh2 Bxf6) 38. Rxg6+ $1 $18 {[%mdl 512]} Kh7 (38... Kh8 $142) (38... fxg6 39. Qd5+) 39. Rg4 Qc5+ 40. Kg2 {Qd3 would kill now.} Rxg4+ 41. Qxg4 {[%mdl 4096] Endgame KQR-KQB} Qd5+ 42. Kh3 Qxa2 43. Qe4+ Kh8 44. Rg1 Qb3+ 45. Rg3 Qb8 46. Qe7 Qc8+ 47. Rg4 Qa8 48. Kh2 $1 Qb8+ 49. Kh3 (49. Kg2 $142 Qa8+ 50. Kg1 Qc8 51. Qe4 Qd8 52. Kh2 (52. Rh4 Qb6+ 53. Kg2 Qb2+ 54. Kg3 Qxf6 $11) 52... Qb8+ 53. Kh3 Qd8 54. Qe5 (54. Rh4 Qxf6 55. Qd3 Kg7 $14)) 49... Qa8 $1 50. Re4 $2 (50. Kg3 $18 {Strongly threatening Qe5.} Qb8+ 51. Kh3 Qa8) 50... Qc8+ $2 {[%mdl 8192] [#]} (50... Qd5 $11) 51. Kh4 $1 Qg8 52. Rg4 Qb8 53. Kh5 Qc8 54. Qe4 (54. Qe5 $142 Bc1 55. Kh4 Bh6 56. Rb4 Kh7 57. Qe7 Kg6 58. Rg4+ Kf5 59. Qxf7) 54... Qc5+ {[#]} 55. Kh4 $1 ({Not} 55. Kxh6 Qh5+ 56. Kxh5 $11) 55... Bg5+ 56. Rxg5 {White mates.} Qf2+ 57. Rg3 Qh2+ 58. Rh3 {Precision: White = 56%, Black = 31%.} 1-0

[Event "10th KiiT Festival 2017"]
[Site "Bhubaneshwar"]
[Date "2017.05.31"]
[Round "8"]
[White "Nitin, S."]
[Black "Singh, S  Vikramjit"]
[Result "1-0"]
[WhiteElo "2426"]
[BlackElo "2213"]
[Annotator "TA"]
[PlyCount "87"]
[EventDate "2017.05.26"]
[EventType "swiss"]
[EventCountry "IND"]
[SourceTitle "playchess.com"]
[Source "ChessBase"]
[SourceQuality "1"]

{[%evp 11,87,30,27,22,26,27,27,22,18,20,24,27,42,-2,0,-21,-21,-22,-11,-16,72,70,70,70,70,70,70,66,72,66,73,71,77,53,50,53,54,47,56,47,57,56,63,64,84,84,84,83,117,91,132,123,156,138,179,173,281,201,201,155,138,143,143,114,115,73,92,106,129,95,1050,1029,1120,1054,1053,1053,29996,29997]} 1. e4 b6 2. d4 Bb7 3. Bd3 Nf6 4. Nd2 e6 5. Ngf3 d5 6. e5 Nfd7 7. O-O {C03: French Tarrasch: Unusual Black 3rd moves} c5 8. c3 Ba6 (8... Nc6 9. Re1 g5 10. h3 h5 11. Nf1 g4 12. Ng5 Bh6 13. h4 cxd4 14. cxd4 Nxd4 {½-½ (36) Zatonskih,A (2508)-Nakamura,H (2753) Saint Louis 2011}) 9. Bxa6 {White has an edge.} Nxa6 10. Qa4 $146 (10. Qe2 $5 {[%cal Re2a6]} Nc7 11. b3 $11) ({Predecessor:} 10. Qe2 Nc7 11. Rd1 Be7 12. Nf1 O-O 13. b3 b5 14. dxc5 Nxc5 {1-0 (33) Mosadeghpour,M (2462)-Starostits,I (2437) Rasht 2016}) 10... Nc7 11. dxc5 Bxc5 12. c4 O-O 13. cxd5 Nxd5 14. Qg4 Qc7 15. Nc4 b5 (15... Rfc8 $11 {keeps the balance.}) 16. Bh6 $1 $16 {[%csl Gh6][%cal Rg4g7] [#]} g6 17. Bxf8 Rxf8 18. Ncd2 {[%cal Bc4d2,Bd2f3,Bf3e5,Be5d3][%mdl 32]} Nxe5 19. Qe4 Nxf3+ 20. Nxf3 Rc8 21. Rac1 Qb6 22. Qh4 Kg7 23. Ne5 {[#] Strongly threatening Nd7.} Rc7 24. Nd3 Be7 25. Qe4 Bf6 26. Rxc7 Qxc7 27. Nb4 Qc5 28. Nxd5 exd5 {[%mdl 4096] Endgame KQR-KQB} 29. Qb1 d4 30. Rd1 Bd8 31. Qd3 Bb6 32. b3 h5 33. h4 Qa3 (33... Qe7 {was worth a try.} 34. Qxb5 Qxh4) 34. Qe2 Qc5 35. g3 Ba5 36. Qe4 Bc3 37. Rd3 f5 38. Qe6 Qa3 39. Qe5+ Kh7 40. Kg2 Qxa2 $2 {[%mdl 8192]} (40... Qa6 $16) 41. Qe7+ $18 Kh6 42. Qf8+ Kh7 43. Qf7+ Kh6 44. Qg8 {Precision: White = 74%, Black = 42%.} 1-0

[Event "10th KiiT Festival 2017"]
[Site "Bhubaneshwar"]
[Date "2017.05.31"]
[Round "8"]
[White "Laxman, R R"]
[Black "Ghosh, Diptayan"]
[Result "1/2-1/2"]
[WhiteElo "2417"]
[BlackElo "2569"]
[Annotator "TA"]
[PlyCount "67"]
[EventDate "2017.05.26"]
[EventType "swiss"]
[EventCountry "IND"]
[SourceTitle "playchess.com"]
[Source "ChessBase"]
[SourceQuality "1"]

{[%evp 19,67,-2,0,9,30,29,42,16,43,12,27,23,24,16,21,18,38,28,39,29,27,19,27,13,23,22,28,21,33,19,49,32,58,29,41,22,53,-7,-7,-7,0,0,74,0,0,0,0,0,41,0]} 1. Nf3 Nf6 2. b3 d5 3. Bb2 Bg4 4. e3 Nbd7 5. Be2 e6 6. h3 Bh5 7. c4 c6 8. O-O Bd6 9. d4 O-O 10. Nbd2 Qe7 11. Ne5 {A12: English Opening: 1...c6 with b3 by White} Bg6 (11... Bxe2 12. Qxe2 Ba3 13. Bxa3 Qxa3 14. Nxd7 Nxd7 15. e4 dxc4 16. Nxc4 Qa6 17. Rfd1 Nb6 18. Rac1 Rfd8 {1-0 (51) Karpov,A (2619)-Bareev,E (2634) Moscow 2009}) 12. Nxg6 hxg6 13. Qc2 {[#]} Rac8 $146 ({Predecessor:} 13... Ba3 14. Bxa3 Qxa3 15. e4 dxe4 {½-½ (16) Brochet,P (2377)-Gozzoli,Y (2503) Vandoeuvre 2008}) 14. Rad1 (14. c5 {keeps more tension.} Bc7 15. b4 e5 16. Rfe1 Rfe8 17. Rad1) 14... Ba3 15. Qc1 (15. Bc3 $5 {[%cal Rc4c5]}) 15... Bxb2 16. Qxb2 Rfd8 17. Rfe1 a6 18. Bf3 Qd6 19. e4 dxe4 20. Bxe4 Qc7 21. Bc2 b5 22. c5 Re8 23. b4 Rcd8 24. Bb3 Qf4 25. Nf3 Qc7 26. a3 a5 27. g3 Nd5 28. Bc2 (28. Bxd5 $14 exd5 29. a4) 28... Ra8 $11 29. Kg2 Ra7 30. Bb3 Raa8 (30... N7f6 $11) 31. Qd2 ({White should try} 31. Bxd5 $1 $16 {Strongly threatening Be4.} exd5 32. Rxe8+ Rxe8 33. a4) 31... N7f6 32. Ne5 Red8 33. Qb2 Ne7 34. Nf3 {Precision: White = 35%, Black = 23%.} 1/2-1/2

[Event "10th KiiT Festival 2017"]
[Site "Bhubaneshwar"]
[Date "2017.05.31"]
[Round "8"]
[White "krishna, Teja"]
[Black "Prasad, Devaki"]
[Result "1-0"]
[WhiteElo "2406"]
[BlackElo "2312"]
[Annotator "TA"]
[PlyCount "85"]
[EventDate "2017.05.26"]
[EventType "swiss"]
[EventCountry "IND"]
[SourceTitle "playchess.com"]
[Source "ChessBase"]
[SourceQuality "1"]

{[%evp 17,85,16,42,28,81,0,0,7,16,-10,-12,-4,1,0,91,-67,-55,-92,58,78,79,86,99,79,60,22,86,93,134,141,184,181,178,186,181,179,171,164,161,134,200,65,210,207,416,181,133,127,195,176,163,172,126,108,563,554,548,534,501,488,1033,1024,2902,2268,29984,2418,1708,1694,1533,1483]} 1. d4 Nf6 2. c4 g6 3. Nc3 Bg7 4. e4 d6 5. Be2 O-O 6. Nf3 e5 7. d5 a5 8. Be3 Na6 9. Nd2 Bd7 10. g4 {E92: King's Indian: Classical: 6 Be2 e5: 7 dxe5, 7 Be3 and Petrosian System without 7...Nbd7} Ne8 (10... Nxg4 $11 11. Bxg4 f5) 11. g5 $146 (11. h4 $1 $16) ({Predecessor:} 11. Rg1 Kh8 12. h4 f5 13. Bg5 Nf6 14. h5 h6 15. hxg6 fxg4 16. Rh1 Qe8 17. Bxf6 Rxf6 18. Bxg4 {0-1 (61) Belunek,V (2305)-Baier,P (2215) Trinec 2004}) 11... f5 $11 {Strongly threatening ...f4.} 12. gxf6 {The position is equal.} Nxf6 13. Rg1 c6 14. h4 $1 cxd5 15. cxd5 b5 (15... Nc5 $11 {remains equal.}) 16. Bxb5 $2 (16. Nxb5 $16 Bxb5 17. Bxb5) 16... Bxb5 $15 17. Nxb5 {[#]} Rb8 (17... Nb4 $1 $17) 18. a4 $14 Nc5 19. Bxc5 $1 dxc5 20. Qe2 Nh5 21. Qg4 Kh8 (21... Rf4 $11 22. Qe6+ Kh8) 22. O-O-O $16 Rf4 23. Qe2 Qxh4 {[#]} 24. f3 $1 Rff8 25. Kb1 Nf4 26. Qc4 Qf2 27. Rge1 h5 28. d6 Bf6 (28... Kh7 $16 29. Rf1 Qe2) 29. d7 (29. Rf1 $18 Qe2 30. Qxe2 Nxe2 31. Nc4) 29... Kg7 (29... Rfd8 $1 $14) 30. Nb3 $18 Ng2 $2 (30... Bd8 31. Qc3 (31. Nxc5 Qxf3 32. Rf1 Qg3 $16) (31. Qxc5 Qxc5 32. Nxc5 Be7 $16) 31... c4) 31. Re2 (31. Rf1 $142 Qg3 32. Qxc5) 31... Qxf3 32. Nxc5 {Threatens to win with Ne6+.} Rb6 (32... Kh6 $16) 33. Nc7 Nf4 34. Red2 $36 {[%mdl 2048] And now Ne8+ would win. Keeping Black busy.} Bd8 35. Rf1 Qxf1+ $4 {[%mdl 8192]} (35... Qe3 $16 {is tougher.} 36. Re2 Qd4 37. Ne8+ Kh7 38. Qxd4 exd4) 36. Qxf1 Bxc7 37. Qc4 Bd8 38. Qc3 Rc6 (38... h4 $142 39. Qxe5+ Kg8) 39. Qxe5+ Bf6 40. Qxf4 Rxc5 41. d8=Q (41. Rf2 $142 Rf5 42. exf5 Be7 43. Rg2 Rf6 44. Qe5 Kf7 45. fxg6+ Kf8 46. g7+ Kg8 47. Qb8+ Bd8 48. Qxd8+ Rf8 49. gxf8=R+ Kh7 50. Rh8#) 41... Rxd8 42. Rxd8 Bxd8 43. Qd6 {Precision: White = 42%, Black = 22%.} 1-0